000 00477nam a2200169Ia 4500
008 240729s9999 xx 000 0 und d
022 _a1945-0508
245 0 _aFrontiers in Bioscience-Elite
260 _aSingapore
260 _bIMR Press
650 _a Environmental sciences | Science
650 _a Microbiology
650 _aGeography. Anthropology. Recreation
856 _uhttps://doaj.org/toc/b3869eea584f46b7b79d9ff728841bdc
942 _2ddc
942 _cDOAJEJ
999 _c66804
_d66804
945 _a1
_bMadushi Gamage
_c1
_dMadushi Gamage